Canciones [de Elton John] /

Bernie Taupin es el poeta en cierto sentido anónimo que escribe los textos del famoso compositor pop inglés Elton John. Algunos de sus éxitos más conocidos son Goodbye Yellow Brick Road, Candle in the Wind, Crocodile Rock, Your Song, Nikita.

Guardado en:
Bibliografiske detaljer
Hovedforfatter: John, Elton (autor)
Andre forfattere: Taupin, Bernie (autor) (autor), Manzano, Alberto (presentación y traducción) (presentación y traducción)
Format: Bog
Sprog:spansk
Udgivet: Barcelona, España : Fundamentos : Espiral, 1997, c1997
Udgivelse:3a edición
Serier:(Espiral. Canciones ; 113)
Fag:
Tags: Tilføj Tag
Ingen Tags, Vær først til at tagge denne postø!

MARC

LEADER 00000nam^a2200000^a^4500
001 000091754
005 20260122000000.0
009 20260310092659.011
020 |a 84-245-0477-1 
037 |a Acervo ITESO - Biblioteca 
041 |a ESP 
082 |a 787. 10942  |b JOH 
100 |a John, Elton  |e (autor) 
245 1 0 |a Canciones [de Elton John] /  |c P. Simon, B. Taupin ; presen. y tr. por A. Manzano. 
250 |a 3a edición 
264 4 |a Barcelona, España :  |b Fundamentos :  |b Espiral,  |c 1997, c1997 
300 |a 158 p. 
336 |a texto  |b txt  |2 rdacontenido 
337 |a sin mediación  |b n  |2 rdamedio 
338 |a volumen  |b nc  |2 rdasoporte 
440 1 |a (Espiral.  |p Canciones ;  |v 113) 
520 |a Bernie Taupin es el poeta en cierto sentido anónimo que escribe los textos del famoso compositor pop inglés Elton John. Algunos de sus éxitos más conocidos son Goodbye Yellow Brick Road, Candle in the Wind, Crocodile Rock, Your Song, Nikita. 
649 |a XX 
650 |a Cantantes Ingleses 
650 |a Músicos Ingleses 
650 |a Escritores Ingleses 
650 |a Cancioneros 
650 |a Rock -  |z Inglaterra 
650 |a Pop (Música) -  |z Inglaterra 
650 |a Música Popular Moderna -  |z Inglaterra 
650 |a Música Inglesa -  |y Siglo XX 
650 |a Poesía Inglesa 
650 |a Literatura Inglesa -  |y Siglo XX 
650 |a John, Elton 
650 |a Taupin, Bernie 
700 |a Taupin, Bernie  |e (autor) 
700 |a Manzano, Alberto  |e (presentación y traducción) 
910 |a Fondo General 
920 |a Impresos - Libros 
930 |a Colección General 
905 |a 101 
901 |a 0500024997  |b IT1  |c ACC  |u 20260122 
902 |a https://opac.biblio.iteso.mx/vufind/Record/000091754